Balzac, Hugo, Maupassant ou Zola ? - Statistiques

Statistiques générales
  • Ce quiz a été pris 498 fois
    353 depuis la dernière actualisation
  • Le résultat moyen est 23 sur 36
Statistiques - réponses
Hint Réponse % Correct
Notre-Dame de Paris Hugo
88%
Les Misérables Hugo
88%
Bel-Ami Maupassant
85%
Le dernier jour d'un condamné Hugo
83%
Le Père Goriot Balzac
82%
Nana Zola
81%
La fortune des Rougon Zola
80%
La peau de chagrin Balzac
77%
Thérèse Raquin Zola
75%
Eugénie Grandet Balzac
73%
Illusions perdues Balzac
73%
Quatrevingt-treize Hugo
73%
Une vie Maupassant
73%
Pierre et Jean Maupassant
72%
La bête humaine Zola
72%
Le Colonel Chabert Balzac
70%
L'Homme qui rit Hugo
67%
L'Argent Zola
67%
Les Travailleurs de la mer Hugo
65%
Le Cousin Pons Balzac
62%
Les Chouans Balzac
61%
Le Lys dans la vallée Balzac
61%
Mont-Oriol Maupassant
57%
La Duchesse de Langeais Balzac
56%
Claude Gueux Hugo
56%
Le Docteur Pascal Zola
55%
La femme de trente ans Balzac
52%
Notre coeur Maupassant
52%
Pot-Bouille Zola
52%
Han d'Islande Hugo
51%
Le rêve Zola
51%
Fort comme la mort Maupassant
50%
Bug-Jargal Hugo
49%
La conquête de Plassans Zola
49%
Une page d'amour Zola
44%
La joie de vivre Zola
43%
Aucun quiz correspondant
Distribution des résultats
% des personnes avec chaque résultat
Percentile par nombre de réponses
Votre historique - résultats
Vous n’avez pas pris ce quiz depuis la dernière actualisation